Efectos sociales y respuesta popular
Αποθηκεύτηκε σε:
| Μορφή: | Κείμενο |
|---|---|
| Ετικέτες: |
Προσθήκη ετικέτας
Δεν υπάρχουν, Καταχωρήστε ετικέτα πρώτοι!
|
MARC
| LEADER | 00000 a a2200000 04500 | ||
|---|---|---|---|
| 001 | 3919 | ||
| 003 | |||
| 040 | |||
| 245 | |a Efectos sociales y respuesta popular | ||
| 773 | |g páginas 7-11 | ||
| 999 | |c 23760 |d 23760 | ||
